000
00223nam a22000857a 4500
008
160915b xxu||||| |||| 00| 0 eng d
100
_9
523
_a
Chandra.R.
245
_a
Mathematics Lab-7
260
_a
New Delhi
_b
APC. Publications
_c
2011
999
_c
3180
_d
3180